[Event "DSJ Weihnachtsturnier U16: Lasker 2020"]
[Site ""]
[Date "2020.12.28"]
[Round "5"]
[White "Beyer, Lorenz"]
[Black "Schäfer, Konstantin"]
[Result "0-1"]
[Termination "normal"]
[Board "7.3"]
[WhiteElo "1362"]
[BlackElo "1754"]
[WhiteTeam "Barnimer Schachfreunde im SV Stahl Finow"]
[BlackTeam "Schachgemeinschaft Leipzig"]
[PlyCount "90"]
[WhiteFideId "16245393"]
[BlackFideId "16240510"]
[EventRounds "7"]
[EventType "team-swiss"]
[EventDate "2020.12.28"]

1. d4 {[%emt 0:00:05]} Nf6 {[%emt 0:00:04]} 2. Nf3 {[%emt 0:00:01]} c5 { [%emt
0:00:04]} 3. e3 {[%emt 0:00:03]} d5 {[%emt 0:00:01]} 4. c3 {[%emt 0:00:02]} Nc6
{[%emt 0:00:05]} 5. Bd3 {[%emt 0:00:03]} e6 {[%emt 0:00:05]} 6. O-O { [%emt
0:00:02]} Bd6 {[%emt 0:00:01]} 7. Nbd2 {[%emt 0:00:02]} O-O {[%emt 0:00:02]} 8.
dxc5 {[%emt 0:00:03]} Bxc5 {[%emt 0:00:03]} 9. e4 {[%emt 0:00:01]} b6 { [%emt
0:01:13]} 10. e5 {[%emt 0:00:06]} Ng4 {[%emt 0:00:58]} 11. Nb3 {[%emt 0:00:09]}
Ngxe5 {[%emt 0:00:37]} 12. Nxc5 {[%emt 0:00:05]} bxc5 {[%emt 0:00:00]} 13.
Bxh7+ {[%emt 0:00:23]} Kxh7 {[%emt 0:01:02]} 14. Ng5+ {[%emt 0:00:02]} Kg6
{[%emt 0:00:01]} 15. f4 {[%emt 0:00:02]} f6 {[%emt 0:00:28]} 16. Nh3 {[%emt
0:00:02]} Ba6 {[%emt 0:00:33]} 17. fxe5 {[%emt 0:00:10]} Bxf1 {[%emt 0:00:03]}
18. Nf4+ {[%emt 0:00:11]} Kh7 {[%emt 0:01:10]} 19. Qh5+ {[%emt 0:00:04]} Kg8 {
[%emt 0:00:02]} 20. Nxe6 {[%emt 0:01:20]} Qe8 {[%emt 0:00:55]} 21. Qg4 { [%emt
0:00:34]} Qd7 {[%emt 0:00:21]} 22. Bh6 {[%emt 0:00:07]} Nxe5 {[%emt 0:00:34]}
23. Qg3 {[%emt 0:00:30]} Rf7 {[%emt 0:00:11]} 24. Nxc5 {[%emt 0:00:08]} Qc6
{[%emt 0:00:16]} 25. Nb3 {[%emt 0:01:43]} Bd3 {[%emt 0:00:18]} 26. Nd4 { [%emt
0:00:04]} Qb6 {[%emt 0:00:03]} 27. Be3 {[%emt 0:00:12]} Qxb2 {[%emt 0:00:10]}
28. Re1 {[%emt 0:00:06]} Qxc3 {[%emt 0:00:07]} 29. Ne6 {[%emt 0:00:14]} Bf5
{[%emt 0:00:14]} 30. Nd4 {[%emt 0:00:09]} Be4 {[%emt 0:00:06]} 31. Rc1 { [%emt
0:00:11]} Qb2 {[%emt 0:00:10]} 32. Rf1 {[%emt 0:00:15]} Rc8 {[%emt 0:00:10]}
33. Qh3 {[%emt 0:00:09]} Rc3 {[%emt 0:00:08]} 34. Nf5 {[%emt 0:00:35]} Bxf5
{[%emt 0:00:15]} 35. Qxf5 {[%emt 0:00:09]} Rxe3 {[%emt 0:00:03]} 36. Qc8+
{[%emt 0:00:02]} Rf8 {[%emt 0:00:01]} 37. Qe6+ {[%emt 0:00:02]} Kh8 {[%emt
0:00:05]} 38. g3 {[%emt 0:00:06]} Nf3+ {[%emt 0:00:04]} 39. Rxf3 {[%emt
0:00:06]} Rxe6 {[%emt 0:00:01]} 40. Rf2 {[%emt 0:00:01]} Re1+ {[%emt 0:00:01]}
41. Kg2 { [%emt 0:00:01]} Re2 {[%emt 0:00:01]} 42. Rxe2 {[%emt 0:00:01]} Qxe2+
{[%emt 0:00:00]} 43. Kh3 {[%emt 0:00:01]} g5 {[%emt 0:00:02]} 44. a4 {[%emt
0:00:03]} Kg7 {[%emt 0:00:01]} 45. a5 {[%emt 0:00:01]} Rh8# {[%emt 0:00:01]}
0-1

[Event "DSJ Weihnachtsturnier U16: Lasker 2020"]
[Site ""]
[Date "2020.12.28"]
[Round "5"]
[White "Petzke, Julian"]
[Black "Studzinski, Bruno"]
[Result "1-0"]
[Termination "normal"]
[Board "7.4"]
[WhiteElo "1514"]
[BlackElo "1437"]
[WhiteTeam "Schachgemeinschaft Leipzig"]
[BlackTeam "Barnimer Schachfreunde im SV Stahl Finow"]
[PlyCount "137"]
[WhiteFideId "16244885"]
[BlackFideId "16296478"]
[EventRounds "7"]
[EventType "team-swiss"]
[EventDate "2020.12.28"]

1. d4 {[%emt 0:00:04]} d5 {[%emt 0:00:04]} 2. Bf4 {[%emt 0:00:01]} Bf5 { [%emt
0:00:05]} 3. e3 {[%emt 0:00:01]} e5 {[%emt 0:00:02]} 4. Bxe5 {[%emt 0:00:05]}
Nd7 {[%emt 0:00:15]} 5. Nf3 {[%emt 0:00:07]} f6 {[%emt 0:00:14]} 6. Bg3 { [%emt
0:00:07]} Ne7 {[%emt 0:00:06]} 7. Bd3 {[%emt 0:00:12]} Bg6 {[%emt 0:00:07]} 8.
Bb5 {[%emt 0:00:11]} c6 {[%emt 0:00:02]} 9. Ba4 {[%emt 0:00:07]} Qa5+ { [%emt
0:00:05]} 10. c3 {[%emt 0:00:10]} Qb6 {[%emt 0:00:18]} 11. b4 {[%emt 0:00:16]}
Nf5 {[%emt 0:00:26]} 12. Nbd2 {[%emt 0:00:27]} Nxg3 {[%emt 0:00:03]} 13. hxg3
{[%emt 0:00:09]} Bd6 {[%emt 0:00:25]} 14. Bc2 {[%emt 0:00:05]} O-O-O { [%emt
0:00:11]} 15. a4 {[%emt 0:00:19]} Qc7 {[%emt 0:00:09]} 16. O-O {[%emt 0:00:08]}
Bxc2 {[%emt 0:00:13]} 17. Qxc2 {[%emt 0:00:02]} h5 {[%emt 0:00:02]} 18. c4
{[%emt 0:00:10]} Bxb4 {[%emt 0:00:09]} 19. cxd5 {[%emt 0:00:09]} cxd5 { [%emt
0:00:31]} 20. Qxc7+ {[%emt 0:00:04]} Kxc7 {[%emt 0:00:02]} 21. Rfc1+ { [%emt
0:00:03]} Kb8 {[%emt 0:00:02]} 22. Rab1 {[%emt 0:00:04]} Bd6 {[%emt 0:00:06]}
23. a5 {[%emt 0:00:10]} a6 {[%emt 0:00:05]} 24. e4 {[%emt 0:00:15]} Rc8 { [%emt
0:00:58]} 25. exd5 {[%emt 0:00:17]} Rxc1+ {[%emt 0:00:07]} 26. Rxc1 { [%emt
0:00:02]} g5 {[%emt 0:00:04]} 27. Ne4 {[%emt 0:00:11]} Bb4 {[%emt 0:00:10]} 28.
Ra1 {[%emt 0:00:22]} f5 {[%emt 0:00:27]} 29. Nexg5 {[%emt 0:00:07]} Bc3 {[%emt
0:00:15]} 30. Ra3 {[%emt 0:00:09]} Bb4 {[%emt 0:00:28]} 31. Ra4 { [%emt
0:00:07]} Be7 {[%emt 0:00:02]} 32. Ne6 {[%emt 0:00:14]} Rc8 {[%emt 0:00:07]}
33. Ng7 {[%emt 0:00:43]} Rc1+ {[%emt 0:00:14]} 34. Kh2 {[%emt 0:00:04]} f4
{[%emt 0:00:09]} 35. gxf4 {[%emt 0:00:10]} Nf6 {[%emt 0:00:23]} 36. Ne5 { [%emt
0:01:01]} Bd6 {[%emt 0:00:33]} 37. Ra3 {[%emt 0:00:25]} Ng4+ {[%emt 0:00:09]}
38. Kg3 {[%emt 0:00:18]} Nxe5 {[%emt 0:00:17]} 39. dxe5 {[%emt 0:00:04]} Bxa3
{[%emt 0:00:02]} 40. e6 {[%emt 0:00:12]} Be7 {[%emt 0:00:03]} 41. Nf5 { [%emt
0:00:05]} Rc3+ {[%emt 0:00:03]} 42. f3 {[%emt 0:00:09]} Bf6 {[%emt 0:00:15]}
43. d6 {[%emt 0:00:10]} Rc1 {[%emt 0:00:18]} 44. e7 {[%emt 0:00:18]} Re1 {
[%emt 0:00:11]} 45. d7 {[%emt 0:00:04]} h4+ {[%emt 0:00:44]} 46. Kg4 {[%emt
0:00:12]} Bxe7 {[%emt 0:00:15]} 47. Nxe7 {[%emt 0:00:04]} Rd1 {[%emt 0:00:01]}
48. f5 {[%emt 0:00:18]} Rxd7 {[%emt 0:00:04]} 49. f6 {[%emt 0:00:03]} b6 {
[%emt 0:00:03]} 50. f7 {[%emt 0:00:09]} Rd4+ {[%emt 0:00:32]} 51. Kf5 {[%emt
0:00:10]} Rd8 {[%emt 0:00:04]} 52. Nc6+ {[%emt 0:00:03]} Kc7 {[%emt 0:00:01]}
53. Nxd8 {[%emt 0:00:02]} Kxd8 {[%emt 0:00:01]} 54. f8=Q+ {[%emt 0:00:01]} Kc7
{ [%emt 0:00:01]} 55. Qe7+ {[%emt 0:00:06]} Kc6 {[%emt 0:00:02]} 56. Qe5 {
[%emt 0:00:03]} b5 {[%emt 0:00:04]} 57. Qc3+ {[%emt 0:00:10]} Kd5 {[%emt
0:00:03]} 58. Qc8 {[%emt 0:00:08]} b4 {[%emt 0:00:03]} 59. Qg8+ {[%emt
0:00:25]} Kc5 {[%emt 0:00:08]} 60. Qb3 {[%emt 0:00:06]} Kb5 {[%emt 0:00:02]}
61. Qa2 { [%emt 0:00:11]} Kc5 {[%emt 0:00:05]} 62. Ke5 {[%emt 0:00:06]} Kb5
{[%emt 0:00:03]} 63. f4 {[%emt 0:00:03]} Kc5 {[%emt 0:00:02]} 64. f5 {[%emt
0:00:01]} Kc6 { [%emt 0:00:04]} 65. f6 {[%emt 0:00:00]} Kb5 {[%emt 0:00:05]}
66. f7 {[%emt 0:00:00]} Kc5 {[%emt 0:00:02]} 67. f8=Q+ {[%emt 0:00:02]} Kb5
{[%emt 0:00:01]} 68. Qe8+ {[%emt 0:00:03]} Kc5 {[%emt 0:00:01]} 69. Qc2# {[%emt
0:00:02]} 1-0

[Event "DSJ Weihnachtsturnier U16: Lasker 2020"]
[Site ""]
[Date "2020.12.28"]
[Round "5"]
[White "Glowiak, Alexandra"]
[Black "Wusterack, Paul"]
[Result "1-0"]
[Termination "normal"]
[Board "8.2"]
[WhiteElo "1413"]
[BlackElo "1649"]
[WhiteTeam "Schachfr. Bischofswerda"]
[BlackTeam "SC Turm Lüneburg"]
[PlyCount "65"]
[WhiteFideId "16259530"]
[BlackFideId "16255356"]
[EventRounds "7"]
[EventType "team-swiss"]
[EventDate "2020.12.28"]

1. e4 {[%emt 0:00:09]} e6 {[%emt 0:00:08]} 2. d4 {[%emt 0:00:02]} d5 {[%emt
0:00:03]} 3. e5 {[%emt 0:00:01]} c5 {[%emt 0:00:02]} 4. c3 {[%emt 0:00:02]} Nc6
{ [%emt 0:00:01]} 5. Nf3 {[%emt 0:00:03]} Bd7 {[%emt 0:00:10]} 6. Be2 {[%emt
0:00:05]} f6 {[%emt 0:00:10]} 7. exf6 {[%emt 0:00:09]} Nxf6 {[%emt 0:00:03]} 8.
O-O {[%emt 0:00:05]} Be7 {[%emt 0:00:08]} 9. dxc5 {[%emt 0:00:48]} Bxc5 { [%emt
0:00:00]} 10. Nd4 {[%emt 0:00:12]} Nxd4 {[%emt 0:00:10]} 11. cxd4 { [%emt
0:00:02]} Bd6 {[%emt 0:00:13]} 12. Nc3 {[%emt 0:00:07]} O-O {[%emt 0:00:04]}
13. Bg5 {[%emt 0:00:02]} Qc7 {[%emt 0:00:24]} 14. h3 {[%emt 0:00:09]} a6 {
[%emt 0:00:16]} 15. a3 {[%emt 0:00:15]} h6 {[%emt 0:00:27]} 16. Bxf6 {[%emt
0:00:17]} Rxf6 {[%emt 0:00:03]} 17. Bg4 {[%emt 0:00:10]} Raf8 {[%emt 0:00:07]}
18. Qd2 {[%emt 0:00:28]} Bf4 {[%emt 0:00:50]} 19. Qe2 {[%emt 0:00:25]} Qb6 {
[%emt 0:00:29]} 20. Rad1 {[%emt 0:00:44]} Bb8 {[%emt 0:00:37]} 21. Qe3 { [%emt
0:01:59]} Qa7 {[%emt 0:00:16]} 22. b4 {[%emt 0:00:40]} Qb6 {[%emt 0:00:10]} 23.
Bf3 {[%emt 0:00:32]} Qd6 {[%emt 0:00:05]} 24. Rfe1 {[%emt 0:00:44]} Qh2+ {[%emt
0:04:44]} 25. Kf1 {[%emt 0:00:06]} Rxf3 {[%emt 0:00:05]} 26. gxf3 { [%emt
0:00:15]} Bf4 {[%emt 0:00:11]} 27. Qd3 {[%emt 0:00:29]} e5 {[%emt 0:00:19]} 28.
dxe5 {[%emt 0:00:22]} Bf5 {[%emt 0:00:09]} 29. Qxd5+ {[%emt 0:00:14]} Kh7
{[%emt 0:00:18]} 30. e6 {[%emt 0:00:31]} Rc8 {[%emt 0:00:02]} 31. Qxf5+ { [%emt
0:00:07]} Kg8 {[%emt 0:00:08]} 32. e7 {[%emt 0:00:16]} Rxc3 {[%emt 0:00:07]}
33. e8=Q# {[%emt 0:00:05]} 1-0

[Event "DSJ Weihnachtsturnier U16: Lasker 2020"]
[Site ""]
[Date "2020.12.28"]
[Round "5"]
[White "Rennkamp, David"]
[Black "Glowiak, Maximilian"]
[Result "1-0"]
[Termination "normal"]
[Board "8.3"]
[WhiteElo "1371"]
[BlackElo "1420"]
[WhiteTeam "SC Turm Lüneburg"]
[BlackTeam "Schachfr. Bischofswerda"]
[PlyCount "127"]
[WhiteFideId "16249526"]
[BlackFideId "16259521"]
[EventRounds "7"]
[EventType "team-swiss"]
[EventDate "2020.12.28"]

1. e4 {[%emt 0:00:04]} c5 {[%emt 0:00:03]} 2. Nc3 {[%emt 0:00:02]} d6 {[%emt
0:00:06]} 3. d3 {[%emt 0:00:04]} e5 {[%emt 0:00:04]} 4. g3 {[%emt 0:00:03]} g6
{ [%emt 0:00:02]} 5. Bg2 {[%emt 0:00:02]} Bg7 {[%emt 0:00:02]} 6. f4 {[%emt
0:00:02]} Ne7 {[%emt 0:00:09]} 7. Nf3 {[%emt 0:00:08]} O-O {[%emt 0:00:03]} 8.
O-O { [%emt 0:00:02]} Nbc6 {[%emt 0:00:03]} 9. fxe5 {[%emt 0:00:07]} dxe5
{[%emt 0:00:11]} 10. h3 {[%emt 0:00:26]} f5 {[%emt 0:00:19]} 11. exf5 {[%emt
0:00:08]} Bxf5 {[%emt 0:00:49]} 12. Kh2 {[%emt 0:00:06]} Qd7 {[%emt 0:00:30]}
13. Qe2 { [%emt 0:00:23]} Rae8 {[%emt 0:00:56]} 14. Ne4 {[%emt 0:00:04]} Bxe4
{[%emt 0:00:29]} 15. Qxe4 {[%emt 0:00:21]} Nf5 {[%emt 0:00:16]} 16. Qc4+ {[%emt
0:00:14] } Kh8 {[%emt 0:00:54]} 17. Qxc5 {[%emt 0:00:10]} Nfd4 {[%emt 0:00:28]}
18. Nxd4 {[%emt 0:00:16]} exd4 {[%emt 0:00:22]} 19. Bf4 {[%emt 0:00:33]} Re2
{[%emt 0:00:49]} 20. Be5 {[%emt 0:01:10]} Qe7 {[%emt 0:01:47]} 21. Qxe7 {[%emt
0:00:43]} Nxe7 {[%emt 0:00:04]} 22. Rxf8+ {[%emt 0:00:06]} Ng8 {[%emt 0:00:02]}
23. Bxg7+ {[%emt 0:00:12]} Kxg7 {[%emt 0:00:02]} 24. Rc8 {[%emt 0:00:03]} Ne7
{[%emt 0:00:08]} 25. Rc7 {[%emt 0:00:05]} Kh6 {[%emt 0:00:06]} 26. Rxb7 {[%emt
0:00:12]} Nf5 {[%emt 0:00:03]} 27. Rc7 {[%emt 0:00:18]} Ne3 {[%emt 0:00:03]}
28. Rg1 { [%emt 0:00:03]} Nxc2 {[%emt 0:00:10]} 29. Rxa7 {[%emt 0:00:21]} Ne1
{[%emt 0:00:07]} 30. Kh1 {[%emt 0:00:29]} Nxd3 {[%emt 0:00:26]} 31. Bf1 {[%emt
0:00:25]} Rd2 {[%emt 0:00:12]} 32. Bxd3 {[%emt 0:00:04]} Rxd3 {[%emt 0:00:02]}
33. a4 { [%emt 0:00:04]} Rb3 {[%emt 0:00:09]} 34. Rg2 {[%emt 0:00:09]} d3
{[%emt 0:00:04]} 35. a5 {[%emt 0:00:03]} Rb5 {[%emt 0:00:06]} 36. Rd7 {[%emt
0:00:09]} Rxa5 {[%emt 0:00:10]} 37. Rxd3 {[%emt 0:00:04]} Ra1+ {[%emt 0:00:03]}
38. Kh2 { [%emt 0:00:03]} Rb1 {[%emt 0:00:01]} 39. b3 {[%emt 0:00:03]} Kh5
{[%emt 0:00:04]} 40. Rd7 {[%emt 0:00:06]} Kh6 {[%emt 0:00:01]} 41. g4 {[%emt
0:00:12]} g5 { [%emt 0:00:09]} 42. Rb7 {[%emt 0:00:11]} Kg6 {[%emt 0:00:02]}
43. b4 {[%emt 0:00:03]} h6 {[%emt 0:00:02]} 44. b5 {[%emt 0:00:02]} Kf6 {[%emt
0:00:01]} 45. Rb6+ {[%emt 0:00:10]} Ke7 {[%emt 0:00:06]} 46. Re2+ {[%emt
0:00:16]} Kd7 { [%emt 0:00:02]} 47. Rxh6 {[%emt 0:00:16]} Rxb5 {[%emt 0:00:03]}
48. Rf2 { [%emt 0:00:03]} Ke7 {[%emt 0:00:04]} 49. Ra6 {[%emt 0:00:14]} Rd5
{[%emt 0:00:08]} 50. Raa2 {[%emt 0:00:06]} Kd6 {[%emt 0:00:05]} 51. Rf5 {[%emt
0:00:03]} Rxf5 {[%emt 0:00:03]} 52. gxf5 {[%emt 0:00:02]} Ke5 {[%emt 0:00:01]}
53. Rf2 { [%emt 0:00:04]} Kf6 {[%emt 0:00:01]} 54. Kg3 {[%emt 0:00:02]} g4
{[%emt 0:00:01]} 55. Kxg4 {[%emt 0:00:04]} Kf7 {[%emt 0:00:01]} 56. h4 {[%emt
0:00:02]} Kg7 {[%emt 0:00:01]} 57. f6+ {[%emt 0:00:03]} Kf7 {[%emt 0:00:07]}
58. h5 {[%emt 0:00:04]} Kg8 {[%emt 0:00:04]} 59. h6 {[%emt 0:00:04]} Kh7 {[%emt
0:00:07]} 60. f7 {[%emt 0:00:06]} Kxh6 {[%emt 0:00:09]} 61. f8=Q+ {[%emt
0:00:02]} Kg6 { [%emt 0:00:01]} 62. Qf6+ {[%emt 0:00:04]} Kh7 {[%emt 0:00:02]}
63. Qg5 { [%emt 0:00:06]} Kh8 {[%emt 0:00:01]} 64. Rh2# {[%emt 0:00:03]} 1-0

[Event "DSJ Weihnachtsturnier U16: Lasker 2020"]
[Site ""]
[Date "2020.12.28"]
[Round "5"]
[White "Golubev, Egor"]
[Black "Rennkamp, Johannes"]
[Result "0-1"]
[Termination "normal"]
[Board "8.4"]
[WhiteElo "1589"]
[BlackElo "1603"]
[WhiteTeam "Schachfr. Bischofswerda"]
[BlackTeam "SC Turm Lüneburg"]
[PlyCount "104"]
[WhiteFideId "24287474"]
[BlackFideId "16268784"]
[EventRounds "7"]
[EventType "team-swiss"]
[EventDate "2020.12.28"]

1. Nf3 {[%emt 0:00:11]} Nf6 {[%emt 0:00:07]} 2. d4 {[%emt 0:00:02]} c5 { [%emt
0:00:04]} 3. g3 {[%emt 0:00:03]} cxd4 {[%emt 0:00:06]} 4. Nxd4 {[%emt 0:00:02]}
Nc6 {[%emt 0:00:02]} 5. Bg2 {[%emt 0:00:01]} Qb6 {[%emt 0:00:09]} 6. Nxc6
{[%emt 0:00:17]} bxc6 {[%emt 0:00:03]} 7. O-O {[%emt 0:00:01]} Bb7 { [%emt
0:00:03]} 8. Nc3 {[%emt 0:00:02]} e6 {[%emt 0:00:17]} 9. Bg5 {[%emt 0:00:17]}
c5 {[%emt 0:00:07]} 10. Rb1 {[%emt 0:00:15]} Bxg2 {[%emt 0:00:13]} 11. Kxg2
{[%emt 0:00:04]} Be7 {[%emt 0:00:03]} 12. Qd3 {[%emt 0:00:17]} Qc6+ { [%emt
0:00:26]} 13. Qf3 {[%emt 0:00:14]} Qxf3+ {[%emt 0:00:11]} 14. exf3 { [%emt
0:00:03]} Nh5 {[%emt 0:00:15]} 15. Bxe7 {[%emt 0:00:15]} Kxe7 {[%emt 0:00:03]}
16. Rbd1 {[%emt 0:00:07]} Nf6 {[%emt 0:00:05]} 17. Rd2 {[%emt 0:00:03]} d5
{[%emt 0:00:05]} 18. Re1 {[%emt 0:00:04]} Rhd8 {[%emt 0:00:04]} 19. b3 { [%emt
0:00:29]} Rab8 {[%emt 0:00:12]} 20. Na4 {[%emt 0:00:23]} Rbc8 {[%emt 0:00:19]}
21. Nb2 {[%emt 0:00:13]} Rc6 {[%emt 0:00:21]} 22. c4 {[%emt 0:00:06]} d4 {[%emt
0:00:12]} 23. Nd3 {[%emt 0:00:03]} Nd7 {[%emt 0:00:13]} 24. Ne5 { [%emt
0:00:10]} Nxe5 {[%emt 0:00:05]} 25. Rxe5 {[%emt 0:00:01]} f6 {[%emt 0:00:13]}
26. Re4 {[%emt 0:00:02]} e5 {[%emt 0:00:07]} 27. f4 {[%emt 0:00:02]} Re6 {
[%emt 0:00:05]} 28. fxe5 {[%emt 0:00:06]} Rxe5 {[%emt 0:00:08]} 29. Kf3 { [%emt
0:00:04]} Rd6 {[%emt 0:00:12]} 30. Rxe5+ {[%emt 0:00:04]} fxe5 {[%emt 0:00:02]}
31. Ke4 {[%emt 0:00:01]} Ke6 {[%emt 0:00:11]} 32. f4 {[%emt 0:00:12]} exf4
{[%emt 0:00:04]} 33. gxf4 {[%emt 0:00:01]} g6 {[%emt 0:00:13]} 34. b4 { [%emt
0:00:11]} cxb4 {[%emt 0:00:24]} 35. Rxd4 {[%emt 0:00:02]} Rxd4+ {[%emt
0:00:09]} 36. Kxd4 {[%emt 0:00:01]} Kd6 {[%emt 0:00:01]} 37. c5+ {[%emt
0:00:02]} Kc6 {[%emt 0:00:02]} 38. Kc4 {[%emt 0:00:03]} a5 {[%emt 0:00:01]} 39.
h4 { [%emt 0:00:03]} h5 {[%emt 0:00:02]} 40. Kd4 {[%emt 0:00:05]} a4 {[%emt
0:00:09] } 41. Kc4 {[%emt 0:00:26]} b3 {[%emt 0:00:05]} 42. axb3 {[%emt
0:00:01]} axb3 { [%emt 0:00:02]} 43. Kxb3 {[%emt 0:00:01]} Kxc5 {[%emt
0:00:01]} 44. Kc3 { [%emt 0:00:01]} Kd5 {[%emt 0:00:01]} 45. Kd3 {[%emt
0:00:01]} Kd6 {[%emt 0:00:05]} 46. Ke3 {[%emt 0:00:14]} Ke6 {[%emt 0:00:09]}
47. Ke4 {[%emt 0:00:11]} Kf6 {[%emt 0:00:02]} 48. Kf3 {[%emt 0:00:06]} Kf5
{[%emt 0:00:02]} 49. Kg3 { [%emt 0:00:24]} Ke4 {[%emt 0:00:03]} 50. Kh3 {[%emt
0:00:12]} Kxf4 {[%emt 0:00:07]} 51. Kh2 {[%emt 0:00:02]} Kg4 {[%emt 0:00:02]}
52. Kg2 {[%emt 0:00:02]} Kxh4 {[%emt 0:00:01]} 0-1

[Event "DSJ Weihnachtsturnier U16: Lasker 2020"]
[Site ""]
[Date "2020.12.28"]
[Round "5"]
[White "Hetzner, Hannes"]
[Black "Fischer, Darja"]
[Result "0-1"]
[Termination "normal"]
[Board "9.1"]
[WhiteElo "1983"]
[BlackElo "1559"]
[WhiteTeam "SC Erlangen 48/88"]
[BlackTeam "Karlsruher SF 1853 2"]
[PlyCount "120"]
[WhiteFideId "16211936"]
[BlackFideId "16240898"]
[EventRounds "7"]
[EventType "team-swiss"]
[EventDate "2020.12.28"]

1. e4 {[%emt 0:00:12]} c5 {[%emt 0:00:01]} 2. Nf3 {[%emt 0:00:02]} a6 {[%emt
0:00:01]} 3. c3 {[%emt 0:00:08]} d5 {[%emt 0:00:01]} 4. exd5 {[%emt 0:00:07]}
Qxd5 {[%emt 0:00:00]} 5. d4 {[%emt 0:00:03]} e6 {[%emt 0:00:02]} 6. Be2 { [%emt
0:00:38]} Nf6 {[%emt 0:00:03]} 7. O-O {[%emt 0:00:15]} Be7 {[%emt 0:00:03]} 8.
Ne5 {[%emt 0:00:06]} cxd4 {[%emt 0:00:06]} 9. cxd4 {[%emt 0:00:10]} O-O {[%emt
0:00:02]} 10. Bf3 {[%emt 0:00:07]} Qd8 {[%emt 0:00:11]} 11. Nc3 { [%emt
0:00:23]} Nbd7 {[%emt 0:00:08]} 12. Qe2 {[%emt 0:00:46]} Qc7 {[%emt 0:00:21]}
13. Bf4 {[%emt 0:00:31]} Bd6 {[%emt 0:00:21]} 14. Rac1 {[%emt 0:00:40]} Qd8
{[%emt 0:00:26]} 15. Rfd1 {[%emt 0:00:44]} Rb8 {[%emt 0:00:09]} 16. Bd2 { [%emt
0:00:57]} Qe7 {[%emt 0:01:36]} 17. Bg5 {[%emt 0:00:11]} h6 {[%emt 0:00:05]} 18.
Bh4 {[%emt 0:00:10]} Re8 {[%emt 0:00:16] Erlang3-001 reconnected.} 19. Nc4
{[%emt 0:01:12]} Bc7 {[%emt 0:00:56]} 20. Re1 {[%emt 0:00:13]} b5 {[%emt
0:00:18]} 21. Ne5 {[%emt 0:00:15]} Bb7 {[%emt 0:00:15]} 22. Ne4 {[%emt
0:01:00]} Bxe4 {[%emt 0:00:29]} 23. Rxc7 {[%emt 0:00:16]} Bxf3 {[%emt 0:00:18]}
24. Qxf3 {[%emt 0:00:07]} Nxe5 {[%emt 0:00:11]} 25. Qc3 {[%emt 0:00:10]} Qf8
{[%emt 0:00:25]} 26. Bxf6 {[%emt 0:00:18]} Nc4 {[%emt 0:00:13]} 27. Bh4 {[%emt
0:00:36]} Qd6 {[%emt 0:00:13]} 28. Bg3 {[%emt 0:00:05]} Qb6 {[%emt 0:00:44]}
29. Rxc4 { [%emt 0:00:14]} bxc4 {[%emt 0:00:04]} 30. Bxb8 {[%emt 0:00:01]} Rxb8
{[%emt 0:00:01]} 31. Qxc4 {[%emt 0:00:13]} Qxb2 {[%emt 0:00:01]} 32. Qxa6
{[%emt 0:00:07]} Qxd4 {[%emt 0:00:03]} 33. h3 {[%emt 0:00:04]} Rb2 {[%emt
0:00:06]} 34. Rf1 {[%emt 0:00:03]} Qd2 {[%emt 0:00:06]} 35. a4 {[%emt 0:00:01]}
Ra2 {[%emt 0:00:05]} 36. Qa8+ {[%emt 0:00:02]} Kh7 {[%emt 0:00:02]} 37. Qe4+
{[%emt 0:00:01]} g6 {[%emt 0:00:02]} 38. Qb7 {[%emt 0:00:03]} Kg7 {[%emt
0:00:03]} 39. Qb5 { [%emt 0:00:02]} Qd5 {[%emt 0:00:25]} 40. Qb4 {[%emt
0:00:05]} Kh7 {[%emt 0:00:15]} 41. Qc3 {[%emt 0:00:01]} Rxa4 {[%emt 0:00:07]}
42. Qc7 {[%emt 0:00:00]} Qf5 {[%emt 0:00:05]} 43. Qg3 {[%emt 0:00:02]} Rd4
{[%emt 0:00:10]} 44. Rc1 { [%emt 0:00:01]} Rd3 {[%emt 0:00:05]} 45. Qg4 {[%emt
0:00:02]} Qxg4 {[%emt 0:00:04]} 46. hxg4 {[%emt 0:00:00]} Kg7 {[%emt 0:00:01]}
47. Rc7 {[%emt 0:00:01]} Kf6 {[%emt 0:00:01]} 48. f3 {[%emt 0:00:03]} Rd2
{[%emt 0:00:07]} 49. Kh2 { [%emt 0:00:01]} Kg5 {[%emt 0:00:02]} 50. Kg3 {[%emt
0:00:01]} f5 {[%emt 0:00:12]} 51. gxf5 {[%emt 0:00:01]} exf5 {[%emt 0:00:01]}
52. Rc5 {[%emt 0:00:02]} Rd1 {[%emt 0:00:10]} 53. Ra5 {[%emt 0:00:03]} Rh1
{[%emt 0:00:04]} 54. Rb5 { [%emt 0:00:03]} h5 {[%emt 0:00:06]} 55. Ra5 {[%emt
0:00:05]} h4+ {[%emt 0:00:07]} 56. Kf2 {[%emt 0:00:01]} Rc1 {[%emt 0:00:02]}
57. Ra8 {[%emt 0:00:03]} Rc2+ {[%emt 0:00:02]} 58. Kg1 {[%emt 0:00:02]} Kf4
{[%emt 0:00:01]} 59. Ra4+ { [%emt 0:00:01]} Kg3 {[%emt 0:00:01]} 60. Ra6 {[%emt
0:00:02]} Rc1# {[%emt 0:00:02]} 0-1

[Event "DSJ Weihnachtsturnier U16: Lasker 2020"]
[Site ""]
[Date "2020.12.28"]
[Round "5"]
[White "Hoffmann, Alexander"]
[Black "Zeltner, Richard"]
[Result "0-1"]
[Termination "normal"]
[Board "9.2"]
[WhiteElo "1554"]
[BlackElo "1599"]
[WhiteTeam "Karlsruher SF 1853 2"]
[BlackTeam "SC Erlangen 48/88"]
[PlyCount "36"]
[WhiteFideId "16240219"]
[BlackFideId "12972703"]
[EventRounds "7"]
[EventType "team-swiss"]
[EventDate "2020.12.28"]

1. e4 {[%emt 0:00:04]} g6 {[%emt 0:00:06]} 2. Nf3 {[%emt 0:00:04]} Bg7 { [%emt
0:00:02]} 3. d4 {[%emt 0:00:02]} d6 {[%emt 0:00:02]} 4. c4 {[%emt 0:00:07]} Nc6
{[%emt 0:00:03]} 5. Be3 {[%emt 0:00:09]} e5 {[%emt 0:00:02]} 6. d5 { [%emt
0:00:12]} Nce7 {[%emt 0:00:02]} 7. Nc3 {[%emt 0:00:03]} f5 {[%emt 0:00:03]} 8.
Nd2 {[%emt 0:00:05]} f4 {[%emt 0:00:09]} 9. Bxf4 {[%emt 0:00:03]} exf4 {[%emt
0:00:02]} 10. f3 {[%emt 0:00:01]} Nf6 {[%emt 0:00:08]} 11. Be2 {[%emt 0:00:02]}
O-O {[%emt 0:00:09]} 12. O-O {[%emt 0:00:02]} Nh5 {[%emt 0:00:04]} 13. Qc2
{[%emt 0:00:06]} Kh8 {[%emt 0:00:20]} 14. b4 {[%emt 0:00:07]} Ng8 {[%emt
0:00:02]} 15. c5 {[%emt 0:00:03]} Bd4+ {[%emt 0:00:08]} 16. Kh1 {[%emt
0:00:11]} Qh4 {[%emt 0:00:06]} 17. g3 {[%emt 0:00:15]} fxg3 {[%emt 0:00:10]}
18. Rg1 { [%emt 0:00:06]} Qxh2# {[%emt 0:00:02]} 0-1